[Event "Magnus Carlsen Invitational 2020"]
[Site "magnuscarlsen.com"]
[Date "2020.04.21"]
[Round "2.5"]
[White "Vachier-Lagrave, Maxime"]
[Black "Nepomniachtchi, Ian"]
[Result "0-1"]
[WhiteElo "2860"]
[BlackElo "2778"]
[Annotator "TA"]
[PlyCount "40"]
[EventDate "2020.04.18"]
[EventType "tourn"]
[EventCountry "NOR"]
[SourceTitle "playchess.com"]
[Source "ChessBase"]
[SourceQuality "1"]

{[%evp 14,40,10,2,19,0,8,0,0,5,0,0,0,-4,-14,-14,-7,-28,-9,-17,-21,-330,-320,
-331,-313,-315,-315,-284,-226]} 1. e4 e5 2. Nf3 Nf6 3. Nxe5 d6 4. Nf3 Nxe4 5.
d3 Nf6 6. d4 d5 7. Bd3 Bd6 8. Qe2+ Be6 {C01: French: Exchange Variation.} 9.
Ng5 Qe7 10. Nxe6 fxe6 {The position is equal.} 11. c3 O-O 12. f4 c5 13. O-O {
[#]} Nc6 $5 $146 {[%cal Bb8c6,Bc6e5,Be5g4,Bg4e3,Be3f5][%mdl 8] New and
interesting.} ({Predecessor:} 13... cxd4 14. cxd4 Nc6 15. Be3 Bc7 16. Nd2 Bb6
17. Nf3 Ne4 18. Kh1 Qf6 19. Ng5 Qf5 20. g4 Qg6 21. f5 exf5 22. gxf5 Rxf5 23.
Bxe4 dxe4 24. Rxf5 Qxf5 25. Qc4+ {1-0 (25) Wiedenkeller,M (2260)-Schneider,L 
(2450) Skien 1980}) 14. Be3 Rae8 $36 {[%mdl 2048] White is under pressure.} 15.
Nd2 e5 16. dxe5 Nxe5 17. Bb5 $2 {[%mdl 8192] [#]} (17. fxe5 $11 {and White
stays safe.} Qxe5 {[%mdl 64] Double Attack} 18. Bxh7+ Nxh7 19. Rxf8+ Kxf8 20.
Nf1) 17... Neg4 $1 $19 {[%mdl 64] Discovered Attack. Black has a decisive
advantage.} 18. Bxe8 Rxe8 19. Rf3 Nxe3 20. Re1 {[%cal Rf3e3]} Nf5 {Black took
control after the opening. Accuracy: White = 77%, Black = 92%.} 0-1

[Event "Magnus Carlsen Invitational 2020"]
[Site "magnuscarlsen.com"]
[Date "2020.04.21"]
[Round "2.5"]
[White "Ding, Liren"]
[Black "Caruana, Fabiano"]
[Result "0-1"]
[WhiteElo "2836"]
[BlackElo "2773"]
[Annotator "TA"]
[PlyCount "72"]
[EventDate "2020.04.18"]
[EventType "tourn"]
[EventCountry "NOR"]
[SourceTitle "playchess.com"]
[Source "ChessBase"]
[SourceQuality "1"]

{[%evp 16,72,25,19,13,19,37,29,35,41,45,49,49,51,54,38,46,35,70,61,76,66,67,61,
129,91,99,82,109,73,139,60,50,53,60,61,52,54,45,50,56,0,5,0,1,-26,-24,-16,9,0,
0,-8,5,5,5,5,5,-724,-721]} 1. Nf3 d5 2. g3 g6 3. Bg2 Bg7 4. d4 Nf6 5. O-O c6 6.
b3 O-O 7. c4 a5 8. Nc3 Ne4 9. Bb2 Nxc3 {A11: English Opening: 1...c6.} 10. Bxc3
a4 11. cxd5 cxd5 {White has an edge.} 12. bxa4 Bd7 13. Qb3 {[#]} Bxa4 $146 ({
Predecessor:} 13... e6 14. Qxb7 Bc6 15. Qb2 Rxa4 16. Rfc1 Nd7 17. Bd2 Qa8 18.
Bf4 Qa6 19. Bf1 Bb5 {1-0 (37) Radovanovic,M (2427)-Ivanovic,D (2307)
Kragujevac 2018}) 14. Qxb7 Nc6 {[%cal Bb8c6,Bc6a5,Ba5c4][%mdl 32] Threatening .
..Rb8.} 15. Rfb1 Qd6 16. Qb2 $1 $36 {[%mdl 2048] White has the initiative.} Na5
17. Bb4 Qe6 18. e3 Nc4 19. Qe2 Bb5 (19... Rfc8 $14) 20. Qe1 Rfb8 21. Nd2 Qd7
22. Nb3 e5 {[#]} ({Black should try} 22... e6) 23. dxe5 (23. a4 $1 $16 {
[%mdl 512] aiming for Nc5.} Bc6 (23... Rxa4 24. Nc5) 24. a5) 23... Nxe5 $14 {
White should prevent ...Nd3.} 24. Bc3 Bc4 25. Qd2 Qf5 26. Rd1 h5 27. Nd4 Qd7
28. h4 (28. Nc2 $14) 28... Ra3 $1 $11 29. Rdc1 Rba8 30. Rc2 Bd3 31. Rcc1 {
Threatens to win with f4.} Bc4 32. Nb3 Qf5 33. Rd1 Nf3+ 34. Bxf3 $1 {Black
must now prevent Bxg7.} Bxc3 35. Qxc3 Qxf3 36. Qb2 $2 {[%mdl 8192] [#]} (36.
Qe1 $11) 36... Rxa2 $1 {[%mdl 512] Accuracy: White = 65%, Black = 84%.} 0-1